[Event "45. Open de Mislata 2011 - Grupo C"]
[Site "Mislata ESP"]
[Date "2011.08.19"]
[Round "7.3"]
[White "Buenafe Moya, Jesus"]
[Black "Guillem Mora, Carlos"]
[Result "0-1"]
[WhiteElo "1874"]
[BlackElo "1670"]
[PlyCount "58"]
[EventDate "2011.08.15"]
[EventType "swiss"]
[EventRounds "9"]
[EventCountry "ESP"]
[Source "lmi"]
[SourceDate "2011.08.15"]

1. Nf3 f5 2. c4 Nf6 3. Nc3 g6 4. d3 Bg7 5. e4 d6 6. e5 dxe5 7. Nxe5 Qd6 8. d4
c6 9. Be2 Ne4 10. Nxe4 fxe4 11. c5 Qd5 12. Bc4 Qd8 13. Nf7 Qxd4 14. Qxd4 Bxd4
15. Nxh8 Bxh8 16. Rb1 Bf5 17. Be3 Nd7 18. O-O Ne5 19. Be2 Nd3 20. b4 O-O-O 21.
b5 Be6 22. bxc6 bxc6 23. Bxd3 exd3 24. Rfd1 Bxa2 25. Rb4 Bc3 26. Re4 Bb3 27.
Rb1 Bc2 28. Rc1 Bb2 29. Re1 d2 0-1

[Event "45. Open de Mislata 2011 - Grupo C"]
[Site "Mislata ESP"]
[Date "2011.08.19"]
[Round "7.4"]
[White "Medialdea Fernandez, Hernando"]
[Black "Gimenez Sanchis, Jose Antonio"]
[Result "1/2-1/2"]
[WhiteElo "1887"]
[BlackElo "1652"]
[PlyCount "38"]
[EventDate "2011.08.15"]
[EventType "swiss"]
[EventRounds "9"]
[EventCountry "ESP"]
[Source "lmi"]
[SourceDate "2011.08.15"]

1. Nf3 Nf6 2. b3 d5 3. e3 Bf5 4. Bb2 e6 5. Be2 Bd6 6. d3 Nbd7 7. Nh4 Bg6 8.
Nxg6 hxg6 9. h3 Qe7 10. Nd2 O-O-O 11. Bf3 Ne5 12. e4 g5 13. d4 Nxf3+ 14. gxf3
Nd7 15. Qe2 Ba3 16. O-O-O Rhe8 17. Kb1 Bxb2 18. Kxb2 c5 19. Nb1 cxd4 1/2-1/2

[Event "45. Open de Mislata 2011 - Grupo C"]
[Site "Mislata ESP"]
[Date "2011.08.19"]
[Round "7.6"]
[White "Vera Juan, Andreu"]
[Black "Ribera Cebolla, Marc"]
[Result "1/2-1/2"]
[WhiteElo "1683"]
[BlackElo "1726"]
[PlyCount "41"]
[EventDate "2011.08.15"]
[EventType "swiss"]
[EventRounds "9"]
[EventCountry "ESP"]
[Source "lmi"]
[SourceDate "2011.08.15"]

1. e4 c5 2. c3 e6 3. d4 cxd4 4. cxd4 d5 5. exd5 Qxd5 6. Nf3 Nf6 7. Nc3 Qd8 8.
Be2 a6 9. O-O Nc6 10. Bg5 Be7 11. a3 O-O 12. Rc1 h6 13. Be3 Qa5 14. h3 Rd8 15.
Qa4 Bd7 16. Qxa5 Nxa5 17. b4 Nc6 18. Rfd1 Bf8 19. Bc4 Rac8 20. Bb3 Nb8 21. d5
1/2-1/2

[Event "45. Open de Mislata 2011 - Grupo C"]
[Site "Mislata ESP"]
[Date "2011.08.19"]
[Round "7.8"]
[White "Poveda Cano, Luis"]
[Black "Arambul Ripolles, Javier"]
[Result "1-0"]
[WhiteElo "1892"]
[BlackElo "1724"]
[PlyCount "79"]
[EventDate "2011.08.15"]
[EventType "swiss"]
[EventRounds "9"]
[EventCountry "ESP"]
[Source "lmi"]
[SourceDate "2011.08.15"]

1. d4 Nf6 2. c4 g6 3. Nc3 Bg7 4. e4 d6 5. Be2 O-O 6. Nf3 e5 7. d5 Nbd7 8. O-O
Nc5 9. Qc2 Ne8 10. Ne1 f5 11. f3 fxe4 12. b4 exf3 13. Nxf3 Nd7 14. Be3 Ndf6 15.
Rad1 Qe7 16. Qd2 Bg4 17. Ng5 Bxe2 18. Qxe2 Nh5 19. Ne6 Rxf1+ 20. Rxf1 Nf4 21.
Bxf4 exf4 22. Nxf4 Qxe2 23. Ncxe2 Nf6 24. Ne6 Ne4 25. Rf4 Nc3 26. Nxc3 Bxc3 27.
c5 Be5 28. Re4 Rc8 29. c6 b6 30. b5 Kf7 31. Ra4 h6 32. Rxa7 Kf6 33. g4 Bc3 34.
Ra3 Bb4 35. Rd3 Ra8 36. Nxc7 Bc5+ 37. Kf1 Rxa2 38. Ne6 Ke7 39. c7 Rf2+ 40. Ke1
1-0

[Event "45. Open de Mislata 2011 - Grupo C"]
[Site "Mislata ESP"]
[Date "2011.08.19"]
[Round "7.9"]
[White "Garcia Requena, Joan"]
[Black "Lopez Benavent, Luis Vicente"]
[Result "1/2-1/2"]
[WhiteElo "1741"]
[BlackElo "1858"]
[PlyCount "123"]
[EventDate "2011.08.15"]
[EventType "swiss"]
[EventRounds "9"]
[EventCountry "ESP"]
[Source "lmi"]
[SourceDate "2011.08.15"]

1. c4 e6 2. Nc3 d5 3. cxd5 exd5 4. g3 Nf6 5. Bg2 c6 6. d3 Bd6 7. Nf3 O-O 8. O-O
Bg4 9. a3 Qc7 10. Bd2 Nbd7 11. Re1 Rae8 12. Qc2 a6 13. b4 Re7 14. Rac1 Rfe8 15.
Bg5 h6 16. Bxf6 Nxf6 17. e3 Qd7 18. d4 Bf5 19. Qb2 Ne4 20. Nxe4 Bxe4 21. Nd2
Bf5 22. Nb3 Bb8 23. Nc5 Qd6 24. a4 h5 25. b5 axb5 26. axb5 h4 27. bxc6 bxc6 28.
Qc3 hxg3 29. hxg3 Rc8 30. Nd3 Re6 31. Nb4 Rh6 32. Nd3 Qg6 33. Nf4 Bxf4 34. exf4
Qh5 35. Re5 Qh2+ 36. Kf1 Bh3 37. Bxh3 Qxh3+ 38. Ke2 Qg4+ 39. Qf3 Qd7 40. Qe3
Ra8 41. Rc2 Rh1 42. Kd2 Raa1 43. Qc3 Rad1+ 44. Ke3 Qg4 45. Re2 Rc1 46. Qd3 g6
47. Rg5 Qe6+ 48. Kf3 Qf6 49. Rge5 Ra1 50. Qe3 Kg7 51. Re7 Rh5 52. Re5 Qd6 53.
Rxh5 Ra3 54. Qxa3 Qxa3+ 55. Re3 Qa1 56. Rhe5 Qxd4 57. Kg2 Kf6 58. Re7 c5 59.
Rc7 Qc4 60. Re5 Qd4 61. Rd7 Qb4 62. Rdxd5 1/2-1/2

[Event "45. Open de Mislata 2011 - Grupo C"]
[Site "Mislata ESP"]
[Date "2011.08.19"]
[Round "7.10"]
[White "Marques Montolio, Luis"]
[Black "Aupi Royo, Juan Ignacio"]
[Result "1-0"]
[WhiteElo "1727"]
[BlackElo "1853"]
[PlyCount "53"]
[EventDate "2011.08.15"]
[EventType "swiss"]
[EventRounds "9"]
[EventCountry "ESP"]
[Source "lmi"]
[SourceDate "2011.08.15"]

1. e4 g6 2. d4 Bg7 3. c4 d6 4. Nc3 Nf6 5. Nf3 O-O 6. Bd3 e5 7. d5 a5 8. O-O Na6
9. Bg5 Nc5 10. Bc2 h6 11. Be3 b6 12. h3 Ne8 13. Qd2 Kh7 14. a3 f5 15. exf5 gxf5
16. b4 axb4 17. axb4 Rxa1 18. Rxa1 e4 19. Nd4 f4 20. Bxf4 Bxd4 21. Qxd4 Rxf4
22. bxc5 bxc5 23. Qe3 Qg5 24. Nxe4 Qe5 25. Nxd6+ Re4 26. Qxe4+ Qxe4 27. Bxe4+
1-0

[Event "45. Open de Mislata 2011 - Grupo C"]
[Site "Mislata ESP"]
[Date "2011.08.20"]
[Round "8.1"]
[White "Guillem Mora, Carlos"]
[Black "Romero Calduch, Sergio"]
[Result "1-0"]
[WhiteElo "1670"]
[BlackElo "1870"]
[PlyCount "97"]
[EventDate "2011.08.15"]
[EventType "swiss"]
[EventRounds "9"]
[EventCountry "ESP"]
[Source "lmi"]
[SourceDate "2011.08.15"]

1. d4 Nf6 2. Bf4 g6 3. Nc3 Bg7 4. Qd2 d6 5. e4 a6 6. Bh6 Bxh6 7. Qxh6 b5 8. f3
Nbd7 9. Qe3 Bb7 10. g3 Rc8 11. Bh3 c5 12. d5 Qa5 13. Nge2 Rc7 14. O-O Ne5 15.
b3 h5 16. f4 Neg4 17. Qf3 Bc8 18. Bg2 c4 19. Rad1 cxb3 20. axb3 Qb4 21. Rd3
Qc5+ 22. Nd4 Ne5 23. fxe5 dxe5 24. Nce2 Bg4 25. Qe3 exd4 26. Nxd4 O-O 27. h3
Bc8 28. Qf4 a5 29. Rff3 Bd7 30. Kh2 Rcc8 31. Qe5 Ne8 32. Qg5 e6 33. Rd2 exd5
34. exd5 Nd6 35. Qe7 Nf5 36. Nxf5 Bxf5 37. Qf6 Be4 38. Rff2 Bxg2 39. Rxg2 a4
40. d6 Qc6 41. Rgf2 Rcd8 42. bxa4 bxa4 43. Rf3 Rd7 44. Rc3 Qb6 45. Qf4 Rfd8 46.
Qxa4 Rxd6 47. Rxd6 Qf2+ 48. Kh1 Rxd6 49. Qa1 1-0

[Event "45. Open de Mislata 2011 - Grupo C"]
[Site "Mislata ESP"]
[Date "2011.08.20"]
[Round "8.4"]
[White "Birnoveanu, Petru"]
[Black "Poveda Cano, Luis"]
[Result "1-0"]
[WhiteElo "1745"]
[BlackElo "1892"]
[PlyCount "93"]
[EventDate "2011.08.15"]
[EventType "swiss"]
[EventRounds "9"]
[EventCountry "ESP"]
[Source "lmi"]
[SourceDate "2011.08.15"]

1. e4 c5 2. Nc3 g6 3. f4 Nc6 4. Nf3 Bg7 5. Be2 d6 6. O-O e6 7. d3 Nge7 8. Bd2
O-O 9. Rb1 Nd4 10. Nxd4 cxd4 11. Nb5 Bd7 12. Nxd6 Bc6 13. e5 Nd5 14. Bf3 Qb6
15. Kh1 Rfd8 16. Ne4 Rac8 17. c4 Ne3 18. Bxe3 dxe3 19. Nd6 Rc7 20. Bxc6 Rxc6
21. Qe2 Rcxd6 22. exd6 Rxd6 23. b4 Qd4 24. Rb3 Rb6 25. g3 Bf8 26. Rf3 Bxb4 27.
Kg2 Bd2 28. Rxb6 Qxb6 29. g4 f5 30. gxf5 exf5 31. h4 a5 32. h5 a4 33. hxg6 hxg6
34. Rg3 Kf7 35. Qf3 Qc6 36. Kf1 Qd7 37. Ke2 b5 38. cxb5 Qxb5 39. Qa8 Bc1 40.
Qa7+ Kf8 41. Qd4 Kf7 42. Rh3 Bb2 43. Qa7+ Ke6 44. Rxe3+ Kd5 45. Qf7+ Kc5 46.
Re7 Bc1 47. Re5+ 1-0

[Event "45. Open de Mislata 2011 - Grupo C"]
[Site "Mislata ESP"]
[Date "2011.08.20"]
[Round "8.5"]
[White "Ribera Cebolla, Marc"]
[Black "Medialdea Fernandez, Hernando"]
[Result "0-1"]
[WhiteElo "1726"]
[BlackElo "1887"]
[PlyCount "64"]
[EventDate "2011.08.15"]
[EventType "swiss"]
[EventRounds "9"]
[EventCountry "ESP"]
[Source "lmi"]
[SourceDate "2011.08.15"]

1. e4 e5 2. Nf3 Nc6 3. Bc4 Nf6 4. Ng5 d5 5. exd5 Na5 6. Bb5+ c6 7. dxc6 bxc6 8.
Be2 h6 9. Nf3 e4 10. Ne5 Bc5 11. O-O O-O 12. c3 Qd6 13. d4 exd3 14. Nxd3 Bb6
15. Bf4 Qe6 16. Qc2 Ba6 17. Re1 Rfe8 18. Na3 Qf5 19. c4 Bxf2+ 20. Kxf2 g5 21.
g4 Rxe2+ 22. Rxe2 Nxg4+ 23. Kg1 gxf4 24. b4 f3 25. Nc5 Qg5 26. Kh1 fxe2 27.
Qxe2 Nxc4 28. Nxc4 Qd5+ 29. Ne4 f5 30. Rg1 Bxc4 31. Rxg4+ fxg4 32. Qxg4+ Kh7
0-1

[Event "45. Open de Mislata 2011 - Grupo C"]
[Site "Mislata ESP"]
[Date "2011.08.20"]
[Round "8.6"]
[White "Gimenez Sanchis, Jose Antonio"]
[Black "Morenilla Rocher, Fernando"]
[Result "0-1"]
[WhiteElo "1652"]
[BlackElo "1867"]
[PlyCount "88"]
[EventDate "2011.08.15"]
[EventType "swiss"]
[EventRounds "9"]
[EventCountry "ESP"]
[Source "lmi"]
[SourceDate "2011.08.15"]

1. d4 d6 2. e4 g6 3. Nf3 Bg4 4. Be2 Bxf3 5. Bxf3 Bg7 6. Be3 c6 7. O-O Qc7 8.
Qd2 Nd7 9. Nc3 a6 10. Ne2 e5 11. Rab1 h5 12. g3 Ne7 13. Bh1 O-O-O 14. c4 f5 15.
Bg5 Bf6 16. Bxf6 Nxf6 17. exf5 gxf5 18. d5 c5 19. b4 b6 20. bxc5 bxc5 21. Rb3
Kd7 22. Rfb1 Rb8 23. Qb2 Rxb3 24. Qxb3 Ra8 25. Qb7 Ra7 26. Qxc7+ Kxc7 27. Nc3
h4 28. Bg2 Ra8 29. Na4 Nd7 30. Bf1 Rg8 31. Rb3 Rg4 32. Nb2 Re4 33. Re3 Rxe3 34.
fxe3 hxg3 35. hxg3 Kb6 36. a4 Ka5 37. Bd3 Nb6 38. e4 fxe4 39. Bxe4 Nxa4 40.
Nxa4 Kxa4 41. g4 Kb3 42. g5 a5 43. g6 a4 44. g7 a3 0-1

[Event "45. Open de Mislata 2011 - Grupo C"]
[Site "Mislata ESP"]
[Date "2011.08.20"]
[Round "8.7"]
[White "Fuset Torralba, Jose Luis"]
[Black "Marques Montolio, Luis"]
[Result "1-0"]
[WhiteElo "1823"]
[BlackElo "1727"]
[PlyCount "53"]
[EventDate "2011.08.15"]
[EventType "swiss"]
[EventRounds "9"]
[EventCountry "ESP"]
[Source "lmi"]
[SourceDate "2011.08.15"]

1. c4 c6 2. d4 d5 3. e3 Nf6 4. Nf3 Bf5 5. Nc3 a6 6. Bd3 Bxd3 7. Qxd3 e6 8. O-O
Be7 9. e4 dxe4 10. Nxe4 Nbd7 11. Nc3 h6 12. Bf4 Nb6 13. Be5 O-O 14. Rad1 Nbd7
15. Qe2 Qc8 16. Bf4 Rd8 17. Rfe1 Bf8 18. a3 a5 19. h3 b6 20. Bh2 Qb7 21. Rd2 c5
22. Red1 cxd4 23. Rxd4 Rac8 24. Nb5 Bc5 25. Nd6 Qc6 26. Nxc8 Bxd4 27. Ne7+ 1-0

[Event "45. Open de Mislata 2011 - Grupo C"]
[Site "Mislata ESP"]
[Date "2011.08.20"]
[Round "8.8"]
[White "Cortes, Recaman Manuel"]
[Black "Vera Juan, Andreu"]
[Result "0-1"]
[WhiteElo "1775"]
[BlackElo "1683"]
[PlyCount "81"]
[EventDate "2011.08.15"]
[EventType "swiss"]
[EventRounds "9"]
[EventCountry "ESP"]
[Source "lmi"]
[SourceDate "2011.08.15"]

1. Nf3 c5 2. c4 e6 3. Nc3 g6 4. g3 Nc6 5. Bg2 Bg7 6. O-O Nge7 7. Ne4 d6 8. e3
O-O 9. d4 cxd4 10. exd4 d5 11. cxd5 Nxd5 12. Nc3 Nb6 13. Ne2 Qe7 14. b3 h6 15.
Bb2 Rd8 16. Qc2 Bd7 17. Ne5 Nxe5 18. dxe5 Rac8 19. Qb1 Bb5 20. Re1 Bd3 21. Qd1
Bc2 22. Qc1 Bxb3 23. Qe3 Bd5 24. Ba3 Qe8 25. Bxd5 Rxd5 26. Bd6 Nc4 27. Qxa7
Nxd6 28. Nf4 Ra8 29. Qb6 Ra6 30. Nxd5 Rxb6 31. Nxb6 Nf5 32. Rad1 Qb5 33. Rd8+
Kh7 34. Nd7 h5 35. h4 Qb4 36. Rc1 Qb2 37. Re1 Nh6 38. Nf8+ Bxf8 39. Rxf8 Qb4
40. Rxf7+ Nxf7 41. Re2 0-1

[Event "45. Open de Mislata 2011 - Grupo C"]
[Site "Mislata ESP"]
[Date "2011.08.20"]
[Round "8.9"]
[White "Pons Botella, Jose Antonio"]
[Black "Soriano Folch, Jonathan"]
[Result "1-0"]
[WhiteElo "1721"]
[BlackElo "1844"]
[PlyCount "45"]
[EventDate "2011.08.15"]
[EventType "swiss"]
[EventRounds "9"]
[EventCountry "ESP"]
[Source "lmi"]
[SourceDate "2011.08.15"]

1. d4 d5 2. c4 c6 3. Nf3 Nf6 4. g3 dxc4 5. Bg2 Bf5 6. O-O e6 7. Ne5 Nbd7 8.
Nxc4 h5 9. Bg5 b5 10. Ne5 Nxe5 11. dxe5 Qxd1 12. Rxd1 Ne4 13. Nc3 Nxg5 14.
Bxc6+ Ke7 15. Rd7+ Ke8 16. Rxa7+ Kd8 17. Rd1+ Kc8 18. Rxa8+ Kc7 19. Bxb5 Nh3+
20. Kf1 Nxf2 21. Rd7+ Kb6 22. Ra6+ Kc5 23. a3 1-0

[Event "45. Open de Mislata 2011 - Grupo C"]
[Site "Mislata ESP"]
[Date "2011.08.21"]
[Round "9.1"]
[White "Lopez Diaz, Rafael"]
[Black "Guillem Mora, Carlos"]
[Result "1/2-1/2"]
[WhiteElo "1806"]
[BlackElo "1670"]
[PlyCount "109"]
[EventDate "2011.08.15"]
[EventType "swiss"]
[EventRounds "9"]
[EventCountry "ESP"]
[Source "lmi"]
[SourceDate "2011.08.15"]

1. b3 d5 2. Bb2 Bf5 3. e3 e6 4. f4 Nf6 5. Nf3 Nbd7 6. Be2 Bd6 7. O-O h6 8. Ne5
Bxe5 9. fxe5 Ng8 10. Na3 c6 11. Qe1 g5 12. c4 a6 13. cxd5 cxd5 14. Rxf5 exf5
15. Bh5 Nc5 16. Bxf7+ Kxf7 17. e6+ Nxe6 18. Bxh8 Nf6 19. Bxf6 Qxf6 20. Qd1 f4
21. Rc1 Qb2 22. Nb1 Kg7 23. Rc3 Rf8 24. Qc2 Qxc2 25. Rxc2 Rf7 26. Rc1 d4 27.
exd4 Nxd4 28. Nc3 b5 29. Re1 f3 30. Kf2 fxg2+ 31. Kxg2 Nf3 32. Rd1 Nh4+ 33. Kg1
Rd7 34. Kf2 Nf5 35. d3 Rc7 36. Ne4 Rc2+ 37. Rd2 Rxd2+ 38. Nxd2 Kf6 39. a4 Ke5
40. axb5 axb5 41. b4 Kd4 42. Ke2 Kc3 43. Ne4+ Kxb4 44. Kf3 Ka3 45. Kg4 Ng7 46.
d4 b4 47. d5 b3 48. d6 b2 49. Nd2 Ne8 50. Kh5 Nxd6 51. Kxh6 Ne4 52. Nc4+ Kb3
53. Nxb2 Kxb2 54. Kh5 Kc3 55. h4 1/2-1/2

[Event "45. Open de Mislata 2011 - Grupo C"]
[Site "Mislata ESP"]
[Date "2011.08.21"]
[Round "9.2"]
[White "Romero Calduch, Sergio"]
[Black "Morant Gomar, Sergio"]
[Result "1-0"]
[WhiteElo "1870"]
[BlackElo "1837"]
[PlyCount "63"]
[EventDate "2011.08.15"]
[EventType "swiss"]
[EventRounds "9"]
[EventCountry "ESP"]
[Source "lmi"]
[SourceDate "2011.08.15"]

1. d4 Nf6 2. c4 c5 3. d5 g6 4. Nc3 Bg7 5. Nf3 d6 6. h3 O-O 7. e4 e6 8. Bd3 Na6
9. O-O Nb4 10. Bg5 exd5 11. cxd5 Nxd3 12. Qxd3 Re8 13. Nd2 a6 14. a4 h6 15. Bh4
Qc7 16. f4 Nd7 17. Rae1 b5 18. axb5 axb5 19. Ra1 Rxa1 20. Rxa1 b4 21. Nd1 Bb7
22. Qb5 Ra8 23. Rxa8+ Bxa8 24. Nc4 f6 25. Qa6 Bf8 26. Qxa8 Kg7 27. Nde3 b3 28.
Kh2 Kf7 29. Qc6 Qa7 30. Nxd6+ Kg8 31. Nc8 Qb8 32. Bg3 1-0

[Event "45. Open de Mislata 2011 - Grupo C"]
[Site "Mislata ESP"]
[Date "2011.08.21"]
[Round "9.3"]
[White "Medialdea Fernandez, Hernando"]
[Black "Pons Botella, Jose Antonio"]
[Result "0-1"]
[WhiteElo "1887"]
[BlackElo "1721"]
[PlyCount "103"]
[EventDate "2011.08.15"]
[EventType "swiss"]
[EventRounds "9"]
[EventCountry "ESP"]
[Source "lmi"]
[SourceDate "2011.08.15"]

1. Nf3 Nf6 2. b3 d5 3. Bb2 c5 4. e3 e6 5. Bb5+ Bd7 6. Be2 Nc6 7. O-O Bd6 8. Bb5
a6 9. Bxc6 Bxc6 10. d3 O-O 11. Ne5 d4 12. exd4 cxd4 13. Qe2 Bxe5 14. Qxe5 Qd5
15. Qxd5 Nxd5 16. Bxd4 Nf4 17. Be5 Nxg2 18. Bg3 f5 19. f4 Ne3 20. Rf2 Rfe8 21.
h3 Nd5 22. Nd2 b5 23. a3 Nc3 24. Re1 Rac8 25. Nf3 Bxf3 26. Rxf3 Nd5 27. c4 bxc4
28. dxc4 Nf6 29. Rd3 Ne4 30. Kg2 Kf7 31. Red1 h6 32. Be1 g5 33. Kf3 h5 34. Rd7+
Re7 35. Rxe7+ Kxe7 36. Rd3 g4+ 37. hxg4 hxg4+ 38. Kg2 Ke8 39. Ba5 Ke7 40. Rd4
Ke8 41. b4 Ke7 42. c5 Ke8 43. Rc4 Rc6 44. Bb6 Ke7 45. a4 Nf6 46. b5 axb5 47.
axb5 Nd5 48. Kg3 Nxb6 49. cxb6 Rxb6 50. Rc5 Kd6 51. Re5 Rb8 52. Re2 0-1

[Event "45. Open de Mislata 2011 - Grupo C"]
[Site "Mislata ESP"]
[Date "2011.08.21"]
[Round "9.4"]
[White "Morenilla Rocher, Fernando"]
[Black "Birnoveanu, Petru"]
[Result "1-0"]
[WhiteElo "1867"]
[BlackElo "1745"]
[PlyCount "181"]
[EventDate "2011.08.15"]
[EventType "swiss"]
[EventRounds "9"]
[EventCountry "ESP"]
[Source "lmi"]
[SourceDate "2011.08.15"]

1. g4 d5 2. Bg2 c6 3. h3 e5 4. d4 e4 5. c4 Be6 6. Nc3 Bb4 7. Bf4 Ne7 8. e3 Bd6
9. Nge2 O-O 10. Qb3 b6 11. cxd5 cxd5 12. Rc1 Bxf4 13. Nxf4 g5 14. Nxe6 fxe6 15.
Nxe4 Nec6 16. Nc3 Na5 17. Qc2 Nbc6 18. a3 Rc8 19. O-O Qe7 20. Qa4 a6 21. Nxd5
Qd8 22. Nb4 Nxb4 23. Qxb4 Rxc1 24. Rxc1 b5 25. Qc3 Nc4 26. b3 Nxa3 27. Qb4 Qf6
28. f3 e5 29. Qxa3 exd4 30. Qb2 Rd8 31. exd4 Rxd4 32. Qc2 Rd8 33. Rd1 Re8 34.
Qd2 Kf7 35. Qd5+ Kg6 36. Qf5+ Qxf5 37. gxf5+ Kxf5 38. Rd5+ Kf4 39. Kf2 Rc8 40.
Rd4+ Ke5 41. Re4+ Kf5 42. Bf1 Rc3 43. b4 Rb3 44. Be2 h5 45. Rd4 Ke5 46. Re4+
Kf5 47. Kg3 h4+ 48. Kf2 Rb2 49. Ke3 Rb3+ 50. Kd2 Ra3 51. Bd3 Ra2+ 52. Bc2 Kf6
53. Re1 a5 54. bxa5 Rxa5 55. Kc3 Ra7 56. Kb4 Ra2 57. Kc3 Ra7 58. Bd3 Ra8 59.
Kb4 Rd8 60. Bxb5 Kf5 61. Re4 Rd2 62. Kc3 Rf2 63. Bd7+ Kg6 64. Bg4 Ra2 65. Re6+
Kf7 66. Rb6 Re2 67. Kd3 Re1 68. Kd4 Re7 69. Kd5 Ra7 70. Rc6 Ra5+ 71. Rc5 Ra4
72. Ke5 Rf4 73. Rd5 Kg7 74. Rd4 Rf8 75. Bf5 Re8+ 76. Be6 Rf8 77. Rd7+ Kg6 78.
Rf7 Ra8 79. Rf6+ Kg7 80. Bd5 Ra5 81. Rd6 Ra1 82. Kf5 Rh1 83. Rd7+ Kf8 84. Kg4
Rg1+ 85. Kf5 Rg3 86. Rh7 Rxh3 87. Kxg5 Rg3+ 88. Kf4 Rg1 89. Rxh4 Ke7 90. Rg4
Rh1 91. Kg5 1-0

[Event "45. Open de Mislata 2011 - Grupo C"]
[Site "Mislata ESP"]
[Date "2011.08.21"]
[Round "9.5"]
[White "Vera Juan, Andreu"]
[Black "Fuset Torralba, Jose Luis"]
[Result "1/2-1/2"]
[WhiteElo "1683"]
[BlackElo "1823"]
[PlyCount "49"]
[EventDate "2011.08.15"]
[EventType "swiss"]
[EventRounds "9"]
[EventCountry "ESP"]
[Source "lmi"]
[SourceDate "2011.08.15"]

1. e4 c6 2. d4 d5 3. e5 Bf5 4. f4 e6 5. Bd3 Bxd3 6. Qxd3 Nh6 7. Nf3 c5 8. c3
Qb6 9. b3 cxd4 10. cxd4 Nc6 11. Bb2 Bb4+ 12. Nbd2 Rc8 13. O-O Be7 14. Rac1 f5
15. exf6 Bxf6 16. Rfe1 Kd7 17. Qe3 Rce8 18. Ne5+ Bxe5 19. dxe5 Qxe3+ 20. Rxe3
Nf5 21. Rd3 h5 22. a3 Rc8 23. b4 Nfe7 24. Rdc3 h4 25. Kf2 1/2-1/2

[Event "45. Open de Mislata 2011 - Grupo C"]
[Site "Mislata ESP"]
[Date "2011.08.21"]
[Round "9.8"]
[White "Garcia Requena, Joan"]
[Black "Soler Ollero, Guillermo"]
[Result "1/2-1/2"]
[WhiteElo "1741"]
[BlackElo "1753"]
[PlyCount "47"]
[EventDate "2011.08.15"]
[EventType "swiss"]
[EventRounds "9"]
[EventCountry "ESP"]
[Source "lmi"]
[SourceDate "2011.08.15"]

1. c4 c5 2. d3 d6 3. g3 g6 4. Nc3 Nc6 5. Bg2 Bd7 6. Bd2 Bg7 7. Rb1 a6 8. a3 Nf6
9. Nf3 O-O 10. O-O Rb8 11. Qc1 b5 12. cxb5 axb5 13. b4 cxb4 14. axb4 Qb6 15.
Be3 Qc7 16. Bd2 Qc8 17. Bh6 Bh3 18. Bxg7 Bxg2 19. Bxf8 Bxf1 20. Bxe7 Bxe2 21.
Bxd6 Bxd3 22. Bxb8 Bxb1 23. Qxb1 Qxb8 24. Ne4 1/2-1/2

[Event "45. Open de Mislata 2011 - Grupo C"]
[Site "Mislata ESP"]
[Date "2011.08.21"]
[Round "9.9"]
[White "Poveda Cano, Luis"]
[Black "Gomez Maestro, Gustavo"]
[Result "1-0"]
[WhiteElo "1892"]
[BlackElo "1667"]
[PlyCount "44"]
[EventDate "2011.08.15"]
[EventType "swiss"]
[EventRounds "9"]
[EventCountry "ESP"]
[Source "lmi"]
[SourceDate "2011.08.15"]

1. d4 e6 2. c4 f5 3. e4 fxe4 4. f3 e3 5. Bxe3 Nf6 6. Nc3 Bb4 7. Bd3 O-O 8. Nge2
b6 9. O-O Bb7 10. Qc2 Bxc3 11. Nxc3 d6 12. Ne4 Nbd7 13. Ng5 Qe7 14. Bxh7+ Kh8
15. Rae1 e5 16. d5 e4 17. Bg6 Ne5 18. Bxe4 Nxe4 19. Qxe4 g6 20. f4 Nf3+ 21.
Qxf3 Bc8 22. Bd4+ Kg8 1-0

[Event "45. Open de Mislata 2011 - Grupo C"]
[Site "Mislata ESP"]
[Date "2011.08.21"]
[Round "9.10"]
[White "Marco Francisco, Miriam"]
[Black "Gimenez Sanchis, Jose Antonio"]
[Result "1-0"]
[WhiteElo "1891"]
[BlackElo "1652"]
[PlyCount "67"]
[EventDate "2011.08.15"]
[EventType "swiss"]
[EventRounds "9"]
[EventCountry "ESP"]
[Source "lmi"]
[SourceDate "2011.08.15"]

1. e4 e6 2. Qe2 d5 3. exd5 Qxd5 4. Nc3 Qd8 5. Nf3 Nf6 6. g3 Be7 7. Bg2 Bd7 8.
O-O Bc6 9. d3 O-O 10. Re1 Nbd7 11. h4 a6 12. Ne4 Nc5 13. Neg5 h6 14. Nh3 Bxf3
15. Bxf3 c6 16. Bg2 Nh7 17. Bf4 Nd7 18. Rad1 Qb6 19. c3 Rad8 20. d4 Ndf6 21.
Be5 Bd6 22. c4 Bb4 23. Rf1 c5 24. a3 Ba5 25. dxc5 Qb3 26. Bd6 Rfe8 27. Qd3 Qxd3
28. Rxd3 b5 29. cxb5 axb5 30. Bc6 Nd7 31. b4 Ne5 32. Bxe8 Nxd3 33. Bxb5 Nxc5
34. bxc5 1-0